<?xml version="1.0" encoding="UTF-8"?>
<collection xmlns="http://www.loc.gov/MARC21/slim">
 <record>
  <leader>00528pamaa2200157   4500</leader>
  <controlfield tag="001">0000018902</controlfield>
  <controlfield tag="005">20060614090000.0</controlfield>
  <datafield tag="020" ind1="0" ind2="0">
   <subfield code="a">9839427059 </subfield>
  </datafield>
  <datafield tag="082" ind1=" " ind2=" ">
   <subfield code="a">658.452 KAL 1998</subfield>
  </datafield>
  <datafield tag="090" ind1="0" ind2="0">
   <subfield code="a">HF5718.22 </subfield>
   <subfield code="b">KAL 1998</subfield>
  </datafield>
  <datafield tag="100" ind1="1" ind2="0">
   <subfield code="a">KALPANA SINHA PONNIAH </subfield>
  </datafield>
  <datafield tag="245" ind1="1" ind2="4">
   <subfield code="a">The floor is yours! : </subfield>
   <subfield code="b">a guide to effective business presentation  </subfield>
   <subfield code="c">Kalpana Sinha Ponniah and Cynthia Yolanda Richards.</subfield>
  </datafield>
  <datafield tag="260" ind1="0" ind2="0">
   <subfield code="a">Kuala Lumpur: </subfield>
   <subfield code="b">Piramid Pub., </subfield>
   <subfield code="c">1998.</subfield>
  </datafield>
  <datafield tag="300" ind1=" " ind2=" ">
   <subfield code="a">viii, 75p.: </subfield>
   <subfield code="b">24cm.</subfield>
  </datafield>
  <datafield tag="650" ind1="0" ind2="0">
   <subfield code="a">Business presentations </subfield>
  </datafield>
  <datafield tag="700" ind1="1" ind2="1">
   <subfield code="a">Richards, </subfield>
   <subfield code="h">Cynthia Yolanda </subfield>
  </datafield>
 </record>
</collection>
